000 00469nam a2200169Ia 4500
999 _c30974
_d30974
003 OSt
005 20200806122209.0
008 190216s9999||||xx |||||||||||||| ||und||
040 _coclc
082 _a511.6
_bTUC/A
100 _aTucker, Alan
_94008
245 0 _aApplied Combinatorics /
_cAlan Tucker
250 _a2nd Ed.
260 _bJohn Wiley & Sons,
_c1984.
_aNew York:
300 _a447p
942 _cBK
_2ddc
_h511.6
_iTUC/A
_k511.6
_mTUC/A